|
|
|
|
| LEADER |
02582nam a2200589 a 4500 |
| 001 |
000835965 |
| 003 |
CZ BrMZK |
| 005 |
20180125101022.0 |
| 007 |
ta |
| 008 |
061220s2005 xr ac erf 000 0 cze |
| 015 |
|
|
|a cnb002971862
|
| 020 |
|
|
|q (Brož.) :
|c neprodejné
|
| 040 |
|
|
|a BOA001
|b cze
|
| 043 |
|
|
|a e-xr---
|b e-xr-jm
|2 czenas
|
| 072 |
|
7 |
|a 614
|x Veřejné zdraví a hygiena
|2 Konspekt
|9 14
|
| 080 |
|
|
|a 27-788.461
|2 MRF
|
| 080 |
|
|
|a 614.2:725.511
|2 MRF
|
| 080 |
|
|
|a 616-082/-083
|2 MRF
|
| 080 |
|
|
|a 616-051
|2 MRF
|
| 080 |
|
|
|a 094.3
|2 MRF
|
| 080 |
|
|
|a (437.322)
|2 MRF
|
| 080 |
|
|
|a (036)
|2 MRF
|
| 080 |
|
|
|a (082.2)
|2 MRF
|
| 100 |
1 |
|
|a Klanicová, Evženie,
|d 1957-
|7 xx0020208
|4 aut
|
| 245 |
1 |
0 |
|a Čtyři století valtické nemocnice :
|b 1605-2005 /
|c [Evženie Klanicová, Emil Kordiovský]
|
| 246 |
1 |
4 |
|a Nemocnice Valtice s.r.o
|
| 260 |
|
|
|a Znojmo :
|b F.P.O.,
|c 2005
|
| 300 |
|
|
|a 37 s. :
|b il. (převážně barev.), portréty ;
|c 30 cm
|
| 500 |
|
|
|a Bibliofilie
|
| 500 |
|
|
|a Vytištěno na ručním papíru Hand Made Paper
|
| 500 |
|
|
|a Vydáno u příležitosti 400. výročí založení valtické nemocnice
|
| 500 |
|
|
|a 100 čísl. výt., 400 nečísl. výt.
|
| 550 |
|
|
|a Vydavatel: Nemocnice Valtice
|
| 500 |
|
|
|a Dostupné též v digitální podobě v aplikaci Kramerius
|
| 610 |
2 |
7 |
|a Milosrdní bratři
|7 olak2005225663
|2 czenas
|
| 610 |
2 |
7 |
|a Nemocnice (Valtice, Česko)
|7 olak2005225664
|2 czenas
|
| 650 |
0 |
7 |
|a nemocniční řeholní řády
|7 ph170000
|z Česko
|y 1605-2005
|2 czenas
|
| 650 |
0 |
7 |
|a nemocnice
|7 ph123221
|z Česko
|y 1605-2005
|2 czenas
|
| 650 |
0 |
7 |
|a nemocniční péče
|7 ph137363
|z Česko
|y 1605-2005
|2 czenas
|
| 650 |
0 |
7 |
|a zdravotničtí pracovníci
|7 ph137871
|z Česko
|y 1605-2005
|2 czenas
|
| 650 |
0 |
7 |
|a bibliofilské tisky
|7 ph118862
|2 czenas
|
| 651 |
|
7 |
|a Valtice (Česko)
|7 ge131236
|2 czenas
|
| 655 |
|
7 |
|a informační publikace
|7 fd132454
|2 czenas
|
| 655 |
|
7 |
|a jubilejní publikace
|7 fd131839
|2 czenas
|
| 700 |
1 |
|
|a Kordiovský, Emil,
|d 1942-
|7 jn20000401417
|4 aut
|
| 710 |
2 |
|
|a Nemocnice (Valtice, Česko)
|7 olak2005225664
|
| 856 |
4 |
1 |
|u http://www.digitalniknihovna.cz/mzk/uuid/uuid:d0ec59a0-5fe5-11e8-be96-005056827e52
|y Digitalizovaný dokument
|x NDK
|
| 910 |
|
|
|a BOA001
|b Bf2-1179.194
|
| 990 |
|
|
|a BK
|
| 991 |
|
|
|b 200701
|c NOV
|
| 996 |
6 |
|
|b 2610297825
|c Bf2-1179.194
|l Stud. starých tisků/4.patro
|r Sklad / do násl. otevíracího dne
|n 2
|p p.v.
|w 000835965
|u 000010
|a 1
|e BOA001
|j MZK50
|s P
|
| 996 |
6 |
|
|b 2610312960
|c Bf2-1179.194
|l Stud. starých tisků/4.patro
|r Sklad / do násl. otevíracího dne
|n 1
|p p.v.
|w 000835965
|u 000020
|a 1
|e BOA001
|j MZK50
|s P
|